书目信息 |
| 题名: |
演示和网页
|
|
| 作者: | 胡金海 著 | |
| 分册: | ||
| 出版信息: | 上海 上海科学普及出版社 2002.05 |
|
| 页数: | 278页 | |
| 开本: | 14x20cm | |
| 丛书名: | 《电脑自学图解》丛书 | |
| 单 册: | ||
| 中图分类: | TP393.092 , TP393.092 | |
| 科图分类: | ||
| 主题词: | 网页制作--图解 , 计算机应用 | |
| 电子资源: | ||
| ISBN: | 7-5427-2078-3 | |
| 000 | 00998cam 2200313 45 | |
| 001 | 12507 | |
| 005 | 20050531163538.0 | |
| 010 | @a7-5427-2078-3@d12.00CNY | |
| 099 | @aCAL 012002078062 | |
| 100 | @a20020320d2002 ekmy0chiy0120 ea | |
| 101 | 0 | @achi |
| 102 | @aCN@b310000 | |
| 105 | @aa z 000yy | |
| 200 | 1 | @a演示和网页@AYan Shi He Wang Ye@f胡金海著 |
| 210 | @a上海@c上海科学普及出版社@d2002.05 | |
| 215 | @a278页@c图@d14x20cm | |
| 225 | 0 | @a《电脑自学图解》丛书@v4 |
| 330 | @a本书分演示制作和网页制作2课,每课围绕4句口诀,用 100多幅图解展开。口诀是教学核心,图解是教学过程。口诀,压缩了基本概念的篇幅,使人易记;图解,使教学过程一目了然。 | |
| 333 | @a读者对象:计算机爱好者。 | |
| 410 | 0 | @12001 @a电脑自学图解丛书 |
| 606 | 0 | @a网页制作@j图解 |
| 606 | 0 | @a计算机应用 |
| 690 | @aTP393.092@v4 | |
| 690 | @aTP393.092@v3 | |
| 701 | 0 | @a胡金海@AHu Jin Hai@4著 |
| 801 | 0 | @aCN@bBGDL@c20020320 |
| 905 | @a10447@dTP393.092@eH470 | |
| 906 | @dCNY12.00@n0@r1 | |
| 998 | @aBJP | |
| 演示和网页/胡金海著.-上海:上海科学普及出版社,2002.05 |
| 278页:图;14x20cm.-(《电脑自学图解》丛书;4) |
| 使用对象:读者对象:计算机爱好者。 |
| ISBN 7-5427-2078-3:12.00CNY |
| 本书分演示制作和网页制作2课,每课围绕4句口诀,用 100多幅图解展开。口诀是教学核心,图解是教学过程。口诀,压缩了基本概念的篇幅,使人易记;图解,使教学过程一目了然。 |
| ● |
| 相关链接 |
|
|
|
正题名:演示和网页
索取号:TP393.092/H470
 
预约/预借
| 序号 | 登录号 | 条形码 | 馆藏地/架位号 | 状态 | 备注 |
| 1 | 531056 | 205310563 | 自科二线404/404自科库 11排4列1层/ [索取号:TP393.092/H470] | 在馆 | |
| 2 | 531057 | 205310572 | 期刊室512/301自科库 126排1列3层/ [索取号:TP393.092/H470] | 在馆 | |
| 3 | 531058 | 205310581 | 期刊室512/301自科库 126排1列3层/ [索取号:TP393.092/H470] | 在馆 | |
| 4 | 531059 | 205310590 | 自科二线404/404自科库 12排3列6层/ [索取号:TP393.092/H470] | 在馆 | |
| 5 | 531060 | 205310607 | 自科二线404/301自科库 121排2列6层/ [索取号:TP393.092/H470] | 在馆 |